|
|
|
|
| LEADER |
00000cam a22000004a 4500 |
| 001 |
musev2_1950 |
| 003 |
MdBmJHUP |
| 005 |
20230905040252.0 |
| 006 |
m o d |
| 007 |
cr||||||||nn|n |
| 008 |
101014s2011 iau o 00 0 eng d |
| 010 |
|
|
|z 2010043206
|
| 020 |
|
|
|a 9781587299742
|
| 020 |
|
|
|z 9781587299735
|
| 035 |
|
|
|a (OCoLC)727366873
|
| 040 |
|
|
|a MdBmJHUP
|c MdBmJHUP
|
| 043 |
|
|
|a s-pe---
|
| 050 |
0 |
4 |
|a F3429.1.A45
|b L385 2011
|
| 082 |
0 |
|
|a 985/.21
|2 22
|
| 100 |
1 |
|
|a Lau, George F.,
|d 1969-
|
| 245 |
1 |
0 |
|a Andean Expressions :
|b Art and Archaeology of the Recuay Culture /
|c by George F. Lau.
|
| 264 |
|
1 |
|a Iowa City :
|b University of Iowa Press,
|c 2011.
|
| 264 |
|
3 |
|a Baltimore, Md. :
|b Project MUSE,
|c 2012
|
| 264 |
|
4 |
|c ©2011.
|
| 300 |
|
|
|a 1 online resource (364 pages):
|b ill. ;
|
| 336 |
|
|
|a text
|b txt
|2 rdacontent
|
| 337 |
|
|
|a computer
|b c
|2 rdamedia
|
| 338 |
|
|
|a online resource
|b cr
|2 rdacarrier
|
| 490 |
0 |
|
|a The Iowa series in Andean studies
|
| 504 |
|
|
|a Includes bibliographical references ( p. [281] -324 and index.
|
| 588 |
|
|
|a Description based on print version record.
|
| 650 |
|
0 |
|a Ancash (Peru)
|x Antiquities.
|
| 650 |
|
0 |
|a Indian pottery
|z Peru
|z Ancash.
|
| 650 |
|
0 |
|a Indian architecture
|z Peru
|z Ancash.
|
| 650 |
|
0 |
|a Indian art
|z Peru
|z Ancash.
|
| 650 |
|
0 |
|a Recuay culture
|z Peru
|z Ancash.
|
| 655 |
|
7 |
|a Electronic books.
|2 local
|
| 710 |
2 |
|
|a Project Muse.
|e distributor
|
| 830 |
|
0 |
|a Book collections on Project MUSE.
|
| 856 |
4 |
0 |
|z Texto completo
|u https://projectmuse.uam.elogim.com/book/1950/
|
| 945 |
|
|
|a Project MUSE - Custom Collection
|
| 945 |
|
|
|a Project MUSE - 2011 Complete
|
| 945 |
|
|
|a Project MUSE - 2011 Archaeology and Anthropology
|